000 00522nam a2200181Ia 4500
999 _c30034
_d30034
003 OSt
005 20210407114114.0
008 190216s9999||||xx |||||||||||||| ||und||
020 _a9788182654105
040 _coclc
082 _a894.8124
_bMOH/H
100 _aMohanlal
_98557
245 0 _aHridayathinte Kayyoppu /
_cMohanlal
260 _bMathrubhumi Printing And Publishing,
_c2012.
_aKozhikode:
300 _a110p
650 _aLekhanam
942 _cBK
_2ddc
_h894.8124
_iMOH/H
_k894.8124
_mMOH/H